000 00965nam a2200313Ia 4500
003 OSt
005 20220912145146.0
006 a|||||r|||| 00| 0
007 ta
008 220909b |||||||| |||| 00| 0 eng d
020 _a9789812838230 (hbd)
024 _a86200
037 _b585, 05/11/2009, Dhanraj Book House
037 _cTextbook
040 _aCSL
_beng
_cCSL
041 _aeng
082 _aB28M, P9 TB
100 _aSengupta Ashis Ed.
245 0 _aAdvances in multivariate statistical methods
260 _aNew Jersey
_bWorld Scientific
_c2009
300 _axiv, 477p.
_ccm.
490 _aStatistical science and interdisciplinary research, 4
650 _a Business and economics
650 _a Multivariate analysis
650 _a Probability and statistics
650 _aStatistics
942 _hB28M, P9 TB
_cTB
_2CC
999 _c24773
_d24773